Pays des jeux Assassin's Creed - Clic quiz - Statistiques

Statistiques générales
  • Ce quiz a été pris 230 fois
  • Le résultat moyen est 9 sur 11
Statistiques - réponses
Hint Réponse % Correct
Assassin's Creed Valhalla Norvège & Royaume des Anglo-Saxons
91%
Assassin's Creed Origins Égypte
89%
Assassin's Creed Odyssey Grèce
89%
Assassin's Creed Shadows Japon
89%
Assassin's Creed Unity France
87%
Assassin's Creed Black Flag Caraïbes
86%
Assassin's Creed Syndicate Royaume-Uni
85%
Assassin's Creed II Italie
79%
Assassin's Creed III États-Unis
70%
Assassin's Creed Mirage Irak
70%
Assassin's Creed Moyen-Orient (Terre sainte)
69%
Aucun quiz correspondant
Distribution des résultats
% des personnes avec chaque résultat
Percentile par nombre de réponses
Votre historique - résultats
Vous n’avez pas pris ce quiz